| 000 | 00836nam a2200205Ia 4500 | ||
|---|---|---|---|
| 999 |
_c36428 _d36428 |
||
| 001 | 2342 | ||
| 003 | GE_BSU | ||
| 005 | 20221025110349.0 | ||
| 008 | 181216s2007az xx |||||||||||||| ||aze|| | ||
| 040 | _cGE_BSU | ||
| 041 | _aaze | ||
| 080 | _a378(479.24) H-46 | ||
| 100 |
_aHabbibayli, Isa. _915521 |
||
| 245 |
_aNaxcivan Dövlet. uniniversiteti Nakhchlivan state universitetНахчыванский государственный университет / _cIsa Habbibayli. |
||
| 264 |
_aNaxçivan, _c2007. |
||
| 300 |
_a76 c.: _bилл. |
||
| 653 | _aNaxcivan Dövlet. uniniversiteti Nakhchlivan state universitetНахчыванский государственный университет. | ||
| 653 | _aნახჭევანის სახელმწიფო უნივერსიტეტი | ||
| 942 |
_cBK _2udc |
||